Les espaces abstraits et leur théorie considérée comme introduction a l'analyse générale

Guardat en:
Dades bibliogràfiques
Autor principal: Fréchet, Maurice (Autor)
Format: Llibre
Idioma:francès
Publicat: París Gauthier-Villars 1928
Col·lecció:Collection de monographies sur la théorie des fonctions
Matèries:
Etiquetes: Afegir etiqueta
Sense etiquetes, Sigues el primer a etiquetar aquest registre!

MARC

LEADER 00000nam a2200000 a 4500
001 UCW1329
003 CL-VaPUC
008 920317e19280000FR |||||||||||||||||fre|d
082 0 4 |a 515.73  |b FRE  |2 21 
100 0 |a Fréchet, Maurice  |e author  |9 305257 
245 1 4 |a Les espaces abstraits et leur théorie considérée comme introduction a l'analyse générale 
300 |a 296 p 
942 |c BK 
945 |d 19920317 00:00:00 
260 |a París  |b Gauthier-Villars  |c 1928 
650 7 |a ESPACIOS DE FUNCIONES  |2 CL-VaPUC  |9 270780 
583 |a last modification  |c 19920317 00:00:00  |k Rodrigo Vera 
490 0 |a Collection de monographies sur la théorie des fonctions 
999 |c 216240  |d 216238 
952 |0 0  |1 0  |4 0  |6 515_730000000000000_FRE_1928  |7 0  |8 A  |9 201776  |a BIBMAT  |b BIBMAT  |d 2019-11-14  |i 2690101  |o 515.73 FRE 1928  |p 2690101  |r 2025-01-07  |w 2019-11-14  |y BK  |k MAT